Equipaments escènics : l'acord entre ajuntaments i entitats l'acord entre ajuntaments i entitats
Publicado:
Barcelona :
Diputació de Barcelona. Àrea de Cultura. Centre d'Estudis i Recursos Culturals (CERC) ,
2009
Descripción Física:
98 p. ; 29 cm
Materias:
Gestió cultural -- Barcelona (Província)
MARC
| LEADER | 00000nam a2200000Ia 4500 | ||
|---|---|---|---|
| 001 | 21916 | ||
| 008 | 160829s2009 xx 000 0 cat d | ||
| 080 | |a M-6-264 | ||
| 245 | |a Equipaments escènics : |b l'acord entre ajuntaments i entitats | ||
| 260 | |a Barcelona : |b Diputació de Barcelona. Àrea de Cultura. Centre d'Estudis i Recursos Culturals (CERC), |c 2009 | ||
| 300 | |a 98 p. ; |c 29 cm | ||
| 650 | 0 | |a Gestió cultural |z Barcelona (Província) |9 31473 | |
| 710 | 1 | |a Barcelona (Catalunya : Província). |b Centre d'Estudis i Recursos Culturals |9 52487 | |
| 710 | 1 | |a Barcelona (Catalunya : Província). |b Àrea de Cultura |9 53536 | |
| 901 | |a Arxiu | ||
| 942 | |n 1 | ||
| 952 | |0 0 |1 0 |4 0 |6 M6264 |7 1 |9 53032 |a Arxiu |b Arxiu |d 2016-12-01 |l 0 |o M-6-264 |p 21916 |r 2016-12-01 00:00:00 |w 2016-12-01 |y ARXIU | ||
| 999 | |c 56881 |d 56881 | ||